Karinthy Frigyes írja a párhuzamos vonalakról ... [idézet]
Elmentve itt :
| Dokumentumtípus: | Cikk |
|---|---|
| Megjelent: |
1946
|
| Sorozat: | Irodalom, tudomány : a Magyar-Szovjet Művelődési Társaság folyóirata
1 No. 3 |
| Kulcsszavak: | Matematika érdekességek |
| Online Access: | http://misc.bibl.u-szeged.hu/3616 |
| LEADER | 00587nab a2200157 i 4500 | ||
|---|---|---|---|
| 001 | misc3616 | ||
| 005 | 20191106141838.0 | ||
| 008 | 170607s1946 hu o 0|| hun d | ||
| 040 | |a SZTE Miscellanea Repozitórium |b hun | ||
| 041 | |a hun | ||
| 245 | 0 | 0 | |a Karinthy Frigyes írja a párhuzamos vonalakról ... |h [elektronikus dokumentum] : |b [idézet] |
| 260 | |c 1946 | ||
| 300 | |a 112 | ||
| 490 | 0 | |a Irodalom, tudomány : a Magyar-Szovjet Művelődési Társaság folyóirata |v 1 No. 3 | |
| 695 | |a Matematika érdekességek | ||
| 856 | 4 | 0 | |u http://misc.bibl.u-szeged.hu/3616/1/irtud_003_112.pdf |z Dokumentum-elérés |